University Home | Library Home | Institutional Repository

Regulation and control in living systems / (Record no. 140792)

MARC details
000 -LEADER
fixed length control field 00796cam4a220022900 4500
001 - CONTROL NUMBER
control field lce00589771
008 - FIXED-LENGTH DATA ELEMENTS--GENERAL INFORMATION
fixed length control field 740801c19671966enka b 000 0 eng
010 ## - LIBRARY OF CONGRESS CONTROL NUMBER
LC control number 66029870 //r86
035 ## - SYSTEM CONTROL NUMBER
System control number (Sirsi) r54333
035 ## - SYSTEM CONTROL NUMBER
System control number (DLC) 66029870 //r86
035 ## - SYSTEM CONTROL NUMBER
System control number (UPRA)lce00589771
040 ## - CATALOGING SOURCE
Modifying agency UPRA
050 0# - LIBRARY OF CONGRESS CALL NUMBER
Classification number QH508
Item number .K3 1967
082 ## - DEWEY DECIMAL CLASSIFICATION NUMBER
Classification number 574.1/8
100 1# - MAIN ENTRY--PERSONAL NAME
Personal name Kalmus, H. (Hans), 1906-
Fuller form of name Kalmus, H. (Hans), 1906-
Dates associated with a name Kalmus, H. (Hans), 1906-
Linkage A13059.1
245 10 - TITLE STATEMENT
Title Regulation and control in living systems /
Statement of responsibility, etc. edited by H. Kalmus.
260 ## - PUBLICATION, DISTRIBUTION, ETC.
Place of publication, distribution, etc. London ; New York :
-- London ; New York :
Name of publisher, distributor, etc. Wiley,
Date of publication, distribution, etc. [1967, c1966]
504 ## - BIBLIOGRAPHY, ETC. NOTE
Bibliography, etc. note Includes bibliographies.
650 #0 - SUBJECT ADDED ENTRY--TOPICAL TERM
Topical term or geographic name entry element Biological control systems.
Linkage S6944.1
949 ## - LOCAL PROCESSING INFORMATION (OCLC)
a QH508
w lcc
i 33729000327846
m MAIN
p 2500
t BOOK
l ON-SHELF

No items available.

© 2026 - The University of Zambia Library - Koha v25.11